000 00985cam a22002534a 4500
020 _a0821361546
040 _cDLC
082 _a332 WOR 2005 A077 Or.
245 0 0 _aInternational political risk management :
_blooking to the future /
260 _aWashington, D.C. :
_bWorld Bank,
_cc2005.
300 _ax, 251 p. :
_bill. ;
_c24 cm.
500 _a"Multilateral Investment Guarantee Agency"--Cover.
500 _a"The papers and commentary in this volume are based on the discussion ... at the ... Symposium on International Political Risk Management hosted by MIGA and Georgetown University, held November 12, 2004"--Introd.
650 0 _aRisk (Insurance)
650 0 _aRisk management
650 0 _aInvestment guaranty insurance
650 0 _aInvestments, Foreign
650 0 _aPolitical stability
700 1 _aMoran, Theodore H.,
700 1 _aWest, Gerald T.
700 1 _aMartin, Geral-Keith.
710 2 _aMultilateral Investment Guarantee Agency.
942 _cEK
999 _c15546
_d15546